Normal view
MARC view
Entry Topical Term
001 - CONTROL NUMBER
- control field: 35607
003 - CONTROL NUMBER IDENTIFIER
- control field: ARRUPE
005 - DATE AND TIME OF LATEST TRANSACTION
- control field: 20170905091134.0
008 - FIXED-LENGTH DATA ELEMENTS
- fixed length control field: 170905|| aca||aabn | a|a d
040 ## - CATALOGING SOURCE
- Original cataloging agency: ARRUPE
- Transcribing agency: ARRUPE
150 ## - HEADING--TOPICAL TERM
- Topical term or geographic name as entry element: Celtic church
- General subdivision: Prayer
670 ## - SOURCE DATA FOUND
- Source citation: Work cat.: (ARRUPE): Meehan, Bridget Mary 35606, Praying with celtic holy women, 2003